[Event "DVM U14 2023"]
[Site "Magdeburg GER"]
[Date "2023.12.30"]
[Round "7"]
[White "Friedrich, Timofej"]
[Black "Krstovic, Marko"]
[Result "1/2-1/2"]
[Termination "normal"]
[Board "6.3"]
[WhiteElo "1474"]
[BlackElo "1455"]
[WhiteClock "00:11:59"]
[BlackClock "00:15:46"]
[WhiteTeam "SV Stuttgart-Wolfbusch 1956"]
[BlackTeam "Düsseldorfer SK 14/25"]
[PlyCount "60"]
[WhiteFideId "34617191"]
[BlackFideId "16278003"]
[EventCountry "GER"]
[EventRounds "7"]
[EventType "team-swiss"]
[EventDate "2023.12.26"]

1. e4 {[%clk 01:30:51]} {[%emt 00:00:07]} c5 {[%clk 01:30:57]} {[%emt
00:00:03]} 2. Nf3 {[%clk 01:31:16]} {[%emt 00:00:06]} Nc6 {[%clk 01:31:22]}
{[%emt 00:00:05]} 3. d4 {[%clk 01:31:42]} {[%emt 00:00:03]} cxd4 {[%clk
01:31:47]} {[%emt 00:00:06]} 4. Nxd4 {[%clk 01:32:07]} {[%emt 00:00:05]} g6
{[%clk 01:32:11]} {[%emt 00:00:06]} 5. Nxc6 {[%clk 01:31:01]} {[%emt 00:01:36]}
bxc6 {[%clk 01:32:31]} {[%emt 00:00:10]} 6. g3 {[%clk 01:31:12]} {[%emt
00:00:19]} Bg7 {[%clk 01:32:52]} {[%emt 00:00:09]} 7. Bg2 {[%clk 01:31:10]}
{[%emt 00:00:31]} Ba6 {[%clk 01:33:06]} {[%emt 00:00:16]} 8. Nc3 {[%clk
01:30:20]} {[%emt 00:01:21]} Qb6 {[%clk 01:32:07]} {[%emt 00:01:27]} 9. Qf3
{[%clk 01:18:47]} {[%emt 00:12:04]} e6 {[%clk 01:13:39]} {[%emt 00:18:58]} 10.
Bf1 {[%clk 01:11:59]} {[%emt 00:07:18]} Bxf1 {[%clk 01:13:59]} {[%emt
00:00:11]} 11. Kxf1 {[%clk 01:11:17]} {[%emt 00:01:11]} Nf6 {[%clk 01:10:04]}
{[%emt 00:04:25]} 12. Kg2 {[%clk 01:10:04]} {[%emt 00:01:43]} O-O {[%clk
01:08:53]} {[%emt 00:01:40]} 13. Rb1 {[%clk 01:06:30]} {[%emt 00:04:04]} d5
{[%clk 01:07:49]} {[%emt 00:01:35]} 14. exd5 {[%clk 01:01:56]} {[%emt
00:05:04]} cxd5 {[%clk 01:07:47]} {[%emt 00:00:32]} 15. Rd1 {[%clk 00:52:39]}
{[%emt 00:09:47]} Rac8 {[%clk 00:56:35]} {[%emt 00:11:42]} 16. Be3 {[%clk
00:49:36]} {[%emt 00:03:33]} Qb7 {[%clk 00:48:59]} {[%emt 00:08:06]} 17. Bd4
{[%clk 00:45:04]} {[%emt 00:05:03]} Ne4 {[%clk 00:43:15]} {[%emt 00:06:13]} 18.
Bxg7 {[%clk 00:43:54]} {[%emt 00:01:39]} Kxg7 {[%clk 00:43:34]} {[%emt
00:00:12]} 19. Nxe4 {[%clk 00:43:42]} {[%emt 00:00:42]} dxe4 {[%clk 00:43:56]}
{[%emt 00:00:08]} 20. Qe2 {[%clk 00:34:44]} {[%emt 00:09:28]} e3+ {[%clk
00:39:31]} {[%emt 00:04:55]} 21. f3 {[%clk 00:32:09]} {[%emt 00:03:04]} Qb6
{[%clk 00:39:04]} {[%emt 00:00:58]} 22. c4 {[%clk 00:30:56]} {[%emt 00:01:43]}
Rfd8 {[%clk 00:36:31]} {[%emt 00:03:03]} 23. b3 {[%clk 00:28:37]} {[%emt
00:02:49]} a5 {[%clk 00:26:27]} {[%emt 00:10:34]} 24. Kh3 {[%clk 00:22:29]}
{[%emt 00:06:39]} Qc5 {[%clk 00:25:15]} {[%emt 00:01:41]} 25. g4 {[%clk
00:20:05]} {[%emt 00:02:54]} f5 {[%clk 00:23:19]} {[%emt 00:02:26]} 26. Rd3
{[%clk 00:17:13]} {[%emt 00:03:22]} f4 {[%clk 00:20:35]} {[%emt 00:03:14]} 27.
Rbd1 {[%clk 00:15:13]} {[%emt 00:02:29]} Qe7 {[%clk 00:16:15]} {[%emt
00:04:50]} 28. Qb2+ {[%clk 00:12:55]} {[%emt 00:02:49]} e5 {[%clk 00:15:44]}
{[%emt 00:01:01]} 29. Rd5 {[%clk 00:11:39]} {[%emt 00:01:46]} Rxd5 {[%clk
00:15:35]} {[%emt 00:00:39]} 30. Rxd5 {[%clk 00:11:59]} {[%emt 00:00:09]} Rc5
{[%clk 00:15:46]} {[%emt 00:00:18]} 1/2-1/2

[Event "DVM U14 2023"]
[Site "Magdeburg GER"]
[Date "2023.12.30"]
[Round "7"]
[White "Alugili, Yosef"]
[Black "Schimann, Kirill"]
[Result "1-0"]
[Termination "normal"]
[Board "6.4"]
[WhiteElo "1475"]
[BlackElo "1511"]
[WhiteClock "00:43:41"]
[BlackClock "00:04:01"]
[WhiteTeam "Düsseldorfer SK 14/25"]
[BlackTeam "SV Stuttgart-Wolfbusch 1956"]
[PlyCount "109"]
[WhiteFideId "34635963"]
[BlackFideId "16296338"]
[EventCountry "GER"]
[EventRounds "7"]
[EventType "team-swiss"]
[EventDate "2023.12.26"]

1. e4 {[%clk 01:30:59]} c6 {[%clk 01:30:51]} {[%emt 00:00:09]} 2. d4 {[%clk
01:31:26]} {[%emt 00:00:03]} d5 {[%emt 00:00:09]} 3. exd5 {[%clk 01:31:50]}
{[%emt 00:00:04]} cxd5 {[%clk 01:31:38]} {[%emt 00:00:07]} 4. c4 {[%clk
01:32:15]} {[%emt 00:00:05]} Nf6 {[%clk 01:31:16]} {[%emt 00:00:52]} 5. Nf3
{[%clk 01:32:38]} {[%emt 00:00:07]} Nc6 {[%clk 01:30:11]} {[%emt 00:01:35]} 6.
Nc3 {[%clk 01:33:02]} {[%emt 00:00:07]} e6 {[%clk 01:27:29]} {[%emt 00:03:11]}
7. Bd3 {[%clk 01:31:34]} {[%emt 00:01:58]} dxc4 {[%clk 01:22:23]} {[%emt
00:05:37]} 8. Bxc4 {[%clk 01:31:53]} {[%emt 00:00:11]} Be7 {[%clk 01:22:03]}
{[%emt 00:00:49]} 9. O-O {[%clk 01:32:03]} {[%emt 00:00:20]} O-O {[%clk
01:21:25]} {[%emt 00:01:07]} 10. Bf4 {[%clk 01:31:24]} {[%emt 00:01:10]} Nh5
{[%clk 01:20:18]} {[%emt 00:01:36]} 11. Be3 {[%clk 01:29:35]} {[%emt 00:02:19]}
Nf6 {[%clk 01:18:39]} {[%emt 00:04:03]} 12. Ne5 {[%clk 01:15:00]} {[%emt
00:13:12]} Nxe5 {[%clk 01:15:09]} {[%emt 00:04:00]} 13. dxe5 {[%clk 01:13:46]}
{[%emt 00:01:44]} Qxd1 {[%clk 01:13:21]} {[%emt 00:02:18]} 14. Rfxd1 {[%clk
01:14:09]} Nd7 {[%clk 01:13:21]} 15. f4 {[%clk 01:14:09]} b6 {[%clk 01:13:21]}
16. Nb5 {[%clk 01:14:09]} Bc5 {[%clk 01:13:21]} 17. Bxc5 {[%clk 01:14:09]} Nxc5
{[%clk 01:13:21]} 18. Nd6 {[%clk 01:03:29]} {[%emt 00:34:58]} Rd8 {[%clk
00:47:30]} {[%emt 00:06:10]} 19. Rac1 {[%clk 01:00:15]} {[%emt 00:03:46]} Ba6
{[%clk 00:40:40]} {[%emt 00:07:19]} 20. Bxa6 {[%clk 00:54:22]} {[%emt
00:06:23]} Nxa6 {[%clk 00:39:51]} {[%emt 00:01:19]} 21. a3 {[%clk 00:54:20]}
{[%emt 00:00:33]} h6 {[%clk 00:34:17]} {[%emt 00:06:04]} 22. b4 {[%clk
00:51:56]} {[%emt 00:02:54]} Rd7 {[%clk 00:32:38]} {[%emt 00:02:08]} 23. Rc2
{[%clk 00:50:53]} {[%emt 00:01:34]} Rad8 {[%clk 00:31:26]} {[%emt 00:01:41]}
24. Rdc1 {[%clk 00:47:36]} {[%emt 00:03:47]} Kf8 {[%clk 00:18:06]} {[%emt
00:13:50]} 25. Rc8 {[%clk 00:47:00]} {[%emt 00:01:07]} f6 {[%clk 00:17:11]}
{[%emt 00:01:24]} 26. Rxd8+ {[%clk 00:45:03]} {[%emt 00:02:28]} Rxd8 {[%clk
00:17:24]} {[%emt 00:00:17]} 27. Rc8 {[%clk 00:44:58]} {[%emt 00:00:35]} Ke7
{[%clk 00:15:48]} 28. exf6+ {[%clk 00:41:29]} {[%emt 00:06:05]} gxf6 {[%clk
00:14:30]} {[%emt 00:01:48]} 29. Rxd8 {[%clk 00:41:54]} {[%emt 00:00:05]} Kxd8
{[%clk 00:14:53]} {[%emt 00:00:08]} 30. Nb5 {[%clk 00:42:17]} {[%emt 00:00:07]}
Nc7 {[%clk 00:10:31]} {[%emt 00:04:52]} 31. Nxa7 {[%clk 00:40:38]} {[%emt
00:02:09]} Kd7 {[%clk 00:09:07]} {[%emt 00:01:54]} 32. Kf2 {[%clk 00:40:42]}
{[%emt 00:00:26]} Nd5 {[%clk 00:08:37]} {[%emt 00:00:59]} 33. g3 {[%clk
00:38:19]} {[%emt 00:02:52]} Nc3 {[%clk 00:05:02]} {[%emt 00:04:06]} 34. Ke3
{[%clk 00:38:27]} {[%emt 00:00:22]} Nb1 {[%clk 00:03:55]} {[%emt 00:01:38]} 35.
Nb5 {[%clk 00:38:37]} {[%emt 00:00:20]} Kc6 {[%clk 00:03:44]} {[%emt 00:00:40]}
36. a4 {[%clk 00:38:54]} {[%emt 00:00:14]} Kd5 {[%clk 00:02:39]} {[%emt
00:01:35]} 37. Kd3 {[%clk 00:39:16]} {[%emt 00:00:07]} e5 {[%clk 00:02:46]}
{[%emt 00:00:23]} 38. fxe5 {[%clk 00:39:28]} {[%emt 00:00:18]} fxe5 {[%clk
00:03:11]} {[%emt 00:00:05]} 39. Kc2 {[%clk 00:39:50]} {[%emt 00:00:08]} Kc4
{[%clk 00:03:29]} {[%emt 00:00:12]} 40. Kxb1 {[%clk 00:40:04]} {[%emt
00:00:17]} Kxb4 {[%clk 00:03:54]} {[%emt 00:00:05]} 41. Kc2 {[%clk 00:40:15]}
{[%emt 00:00:19]} Kxa4 {[%clk 00:02:50]} {[%emt 00:01:34]} 42. Nc3+ {[%clk
00:40:32]} {[%emt 00:00:12]} Kb4 {[%clk 00:03:09]} {[%emt 00:00:11]} 43. h4
{[%clk 00:40:57]} {[%emt 00:00:05]} Kc5 {[%clk 00:02:51]} {[%emt 00:00:47]} 44.
g4 {[%clk 00:41:18]} {[%emt 00:00:10]} Kd6 {[%clk 00:03:14]} {[%emt 00:00:08]}
45. g5 {[%clk 00:41:47]} {[%emt 00:00:01]} hxg5 {[%clk 00:03:30]} {[%emt
00:00:14]} 46. hxg5 {[%clk 00:42:15]} Ke6 {[%clk 00:03:52]} {[%emt 00:00:08]}
47. Ne4 {[%clk 00:41:47]} {[%emt 00:00:59]} Kf5 {[%clk 00:04:09]} {[%emt
00:00:13]} 48. Kb3 {[%clk 00:41:59]} {[%emt 00:00:18]} Kxe4 {[%clk 00:02:08]}
{[%emt 00:02:30]} 49. g6 {[%clk 00:42:06]} {[%emt 00:00:23]} Kd3 {[%clk
00:02:19]} {[%emt 00:00:20]} 50. g7 {[%clk 00:42:28]} {[%emt 00:00:07]} e4
{[%clk 00:02:48]} {[%emt 00:00:02]} 51. g8=Q {[%clk 00:42:53]} {[%emt
00:00:04]} e3 {[%clk 00:03:15]} {[%emt 00:00:03]} 52. Qd5 {[%clk 00:42:49]}
{[%emt 00:00:34]} Ke2 {[%clk 00:03:27]} {[%emt 00:00:19]} 53. Kc2 {[%clk
00:43:12]} {[%emt 00:00:05]} Ke1 {[%clk 00:03:46]} {[%emt 00:00:13]} 54. Qg2
{[%clk 00:43:15]} {[%emt 00:00:23]} b5 {[%clk 00:04:01]} {[%emt 00:00:18]} 55.
Kd3 {[%clk 00:43:41]} {[%emt 00:00:05]} 1-0

[Event "DVM U14 2023"]
[Site "Magdeburg GER"]
[Date "2023.12.30"]
[Round "7"]
[White "Klein, Levent"]
[Black "Meng, Yuxuan"]
[Result "1/2-1/2"]
[Termination "normal"]
[Board "7.1"]
[WhiteElo "1735"]
[BlackElo "1749"]
[WhiteClock "00:11:22"]
[BlackClock "00:47:37"]
[WhiteTeam "SG Kaiserslautern 1905"]
[BlackTeam "SC Viernheim 1934"]
[PlyCount "47"]
[WhiteFideId "34611274"]
[BlackFideId "16258231"]
[EventCountry "GER"]
[EventRounds "7"]
[EventType "team-swiss"]
[EventDate "2023.12.26"]

1. d4 {[%clk 01:30:59]} d5 {[%clk 01:30:55]} {[%emt 00:00:04]} 2. c4 {[%clk
01:31:24]} {[%emt 00:00:05]} e6 {[%clk 01:31:21]} {[%emt 00:00:04]} 3. Nf3
{[%clk 01:31:43]} {[%emt 00:00:10]} Nf6 {[%clk 01:31:36]} {[%emt 00:00:15]} 4.
Nc3 {[%clk 01:32:06]} {[%emt 00:00:07]} Be7 {[%clk 01:31:40]} {[%emt 00:00:26]}
5. Bg5 {[%clk 01:31:01]} {[%emt 00:01:35]} O-O {[%clk 01:31:52]} {[%emt
00:00:18]} 6. e3 {[%clk 01:31:00]} {[%emt 00:00:31]} b6 {[%clk 01:31:55]}
{[%emt 00:00:27]} 7. cxd5 {[%clk 01:30:12]} {[%emt 00:01:18]} exd5 {[%clk
01:32:11]} {[%emt 00:00:14]} 8. Bd3 {[%clk 01:27:30]} {[%emt 00:03:12]} Bb7
{[%clk 01:32:04]} {[%emt 00:00:38]} 9. O-O {[%clk 01:27:13]} {[%emt 00:00:47]}
Nbd7 {[%clk 01:32:19]} {[%emt 00:00:14]} 10. Rc1 {[%clk 01:24:11]} {[%emt
00:03:30]} h6 {[%clk 01:31:52]} {[%emt 00:00:59]} 11. Bh4 {[%clk 01:23:27]}
{[%emt 00:01:14]} c5 {[%clk 01:31:35]} {[%emt 00:00:46]} 12. Qc2 {[%clk
01:09:03]} {[%emt 00:14:53]} Rc8 {[%clk 01:28:33]} {[%emt 00:03:31]} 13. Rfd1
{[%clk 00:58:53]} {[%emt 00:10:41]} Ne4 {[%clk 01:16:03]} {[%emt 00:13:01]} 14.
Bxe7 {[%clk 00:49:53]} {[%emt 00:09:30]} Qxe7 {[%clk 01:16:19]} {[%emt
00:00:14]} 15. Qe2 {[%clk 00:36:17]} {[%emt 00:14:02]} cxd4 {[%clk 01:13:15]}
{[%emt 00:03:37]} 16. Nxd4 {[%clk 00:34:45]} {[%emt 00:02:02]} Nxc3 {[%clk
01:13:16]} {[%emt 00:00:30]} 17. bxc3 {[%clk 00:34:47]} {[%emt 00:00:28]} Nc5
{[%clk 01:12:24]} {[%emt 00:01:21]} 18. Rc2 {[%clk 00:28:52]} {[%emt 00:06:24]}
Nxd3 {[%clk 01:04:20]} {[%emt 00:08:36]} 19. Qxd3 {[%clk 00:29:12]} {[%emt
00:00:08]} Qe4 {[%clk 01:03:09]} {[%emt 00:01:40]} 20. Qxe4 {[%clk 00:23:18]}
{[%emt 00:06:27]} dxe4 {[%clk 01:03:32]} {[%emt 00:00:06]} 21. c4 {[%clk
00:20:34]} {[%emt 00:03:13]} Ba6 {[%clk 00:57:44]} {[%emt 00:06:18]} 22. Rdc1
{[%clk 00:19:38]} {[%emt 00:01:27]} Rc7 {[%clk 00:57:38]} {[%emt 00:00:36]} 23.
Nb3 {[%clk 00:17:05]} {[%emt 00:03:02]} Rfc8 {[%clk 00:47:37]} {[%emt
00:10:32]} 24. Nd2 {[%clk 00:11:22]} 1/2-1/2

[Event "DVM U14 2023"]
[Site "Magdeburg GER"]
[Date "2023.12.30"]
[Round "7"]
[White "Kalinski, Jan"]
[Black "Steinbrenner, Peter"]
[Result "0-1"]
[Termination "normal"]
[Board "7.2"]
[WhiteElo "1507"]
[BlackElo "1698"]
[WhiteClock "00:26:25"]
[BlackClock "00:25:17"]
[WhiteTeam "SC Viernheim 1934"]
[BlackTeam "SG Kaiserslautern 1905"]
[PlyCount "78"]
[WhiteFideId "34660615"]
[BlackFideId "34645535"]
[EventCountry "GER"]
[EventRounds "7"]
[EventType "team-swiss"]
[EventDate "2023.12.26"]

1. c4 {[%clk 01:30:57]} {[%emt 00:00:02]} c5 {[%clk 01:30:53]} {[%emt
00:00:07]} 2. Nc3 {[%clk 01:31:05]} {[%emt 00:00:21]} Nc6 {[%clk 01:31:17]}
{[%emt 00:00:06]} 3. g3 {[%clk 01:31:17]} {[%emt 00:00:19]} g6 {[%clk
01:31:42]} {[%emt 00:00:05]} 4. Bg2 {[%clk 01:31:43]} {[%emt 00:00:03]} Bg7
{[%clk 01:32:08]} {[%emt 00:00:05]} 5. e4 {[%clk 01:31:10]} {[%emt 00:01:03]}
d6 {[%clk 01:31:55]} {[%emt 00:00:43]} 6. d3 {[%clk 01:31:35]} {[%emt
00:00:05]} Nf6 {[%clk 01:32:01]} {[%emt 00:00:24]} 7. Nge2 {[%clk 01:31:49]}
{[%emt 00:00:15]} O-O {[%clk 01:31:15]} {[%emt 00:01:17]} 8. O-O {[%clk
01:32:13]} {[%emt 00:00:07]} Ne8 {[%emt 00:07:20]} 9. Be3 {[%clk 01:29:39]}
{[%emt 00:03:02]} e5 {[%clk 01:23:01]} {[%emt 00:01:54]} 10. Rb1 {[%clk
01:29:21]} {[%emt 00:00:48]} Nc7 {[%clk 01:22:05]} {[%emt 00:01:26]} 11. a3
{[%clk 01:29:06]} {[%emt 00:00:46]} a5 {[%clk 01:15:34]} {[%emt 00:07:01]} 12.
f3 {[%clk 01:26:24]} {[%emt 00:03:11]} Rb8 {[%clk 01:14:12]} {[%emt 00:01:52]}
13. a4 {[%clk 01:21:24]} {[%emt 00:05:32]} Nd4 {[%clk 01:13:40]} {[%emt
00:01:02]} 14. Bf2 {[%clk 01:21:08]} {[%emt 00:00:46]} Bd7 {[%clk 01:09:28]}
{[%emt 00:04:41]} 15. Nxd4 {[%clk 01:13:48]} {[%emt 00:07:49]} cxd4 {[%clk
01:09:31]} {[%emt 00:00:27]} 16. Nb5 {[%clk 01:13:17]} {[%emt 00:01:01]} Nxb5
{[%clk 01:09:23]} {[%emt 00:00:39]} 17. axb5 {[%clk 01:13:13]} {[%emt
00:00:34]} f5 {[%clk 01:09:21]} {[%emt 00:00:32]} 18. b4 {[%clk 01:12:23]}
{[%emt 00:01:19]} axb4 {[%clk 01:08:07]} {[%emt 00:01:44]} 19. Rxb4 {[%clk
01:11:43]} {[%emt 00:01:10]} fxe4 {[%clk 01:07:01]} {[%emt 00:01:37]} 20. fxe4
{[%clk 01:09:03]} {[%emt 00:03:09]} Bh6 {[%clk 01:05:36]} {[%emt 00:01:55]} 21.
Rb2 {[%clk 01:07:56]} {[%emt 00:01:36]} Qg5 {[%clk 00:59:52]} {[%emt 00:06:10]}
22. Be1 {[%clk 01:04:57]} {[%emt 00:03:33]} Qe7 {[%clk 00:54:25]} {[%emt
00:05:58]} 23. Bb4 {[%clk 01:02:17]} {[%emt 00:03:09]} Be3+ {[%clk 00:53:50]}
{[%emt 00:01:05]} 24. Kh1 {[%clk 01:02:37]} {[%emt 00:00:10]} Rxf1+ {[%clk
00:53:46]} {[%emt 00:00:35]} 25. Bxf1 {[%clk 01:02:23]} {[%emt 00:00:43]} Rf8
{[%clk 00:53:39]} {[%emt 00:00:38]} 26. Rc2 {[%clk 01:01:32]} {[%emt 00:01:21]}
b6 {[%clk 00:53:03]} {[%emt 00:01:06]} 27. Bg2 {[%clk 01:01:28]} {[%emt
00:00:34]} h5 {[%clk 00:45:56]} {[%emt 00:07:37]} 28. h3 {[%clk 00:53:54]}
{[%emt 00:08:04]} Rf7 {[%clk 00:36:44]} {[%emt 00:09:42]} 29. Ra2 {[%clk
00:50:43]} {[%emt 00:03:42]} Qg5 {[%clk 00:36:01]} {[%emt 00:01:13]} 30. Be1
{[%clk 00:49:31]} {[%emt 00:01:42]} Kg7 {[%clk 00:35:12]} {[%emt 00:01:18]} 31.
Kh2 {[%clk 00:47:36]} {[%emt 00:02:25]} Bg4 {[%clk 00:30:37]} {[%emt 00:05:06]}
32. Qc2 {[%clk 00:46:57]} {[%emt 00:01:09]} Bf3 {[%clk 00:28:00]} {[%emt
00:03:07]} 33. Bxf3 {[%clk 00:40:13]} {[%emt 00:07:13]} Rxf3 {[%clk 00:26:59]}
{[%emt 00:01:32]} 34. Qg2 {[%clk 00:38:22]} {[%emt 00:02:20]} Qf6 {[%clk
00:25:44]} {[%emt 00:01:44]} 35. Re2 {[%clk 00:37:02]} {[%emt 00:01:50]} Rf1
{[%clk 00:25:00]} {[%emt 00:01:12]} 36. Bd2 {[%clk 00:25:15]} {[%emt 00:12:19]}
Rg1 {[%emt 00:01:19]} 37. Qxg1 {[%clk 00:25:35]} Bxg1+ {[%clk 00:24:45]} {[%emt
00:00:06]} 38. Kxg1 {[%clk 00:26:01]} {[%emt 00:00:04]} Qf3 {[%clk 00:24:59]}
{[%emt 00:00:15]} 39. Rf2 {[%clk 00:26:25]} {[%emt 00:00:06]} Qxg3+ {[%clk
00:25:17]} {[%emt 00:00:13]} 0-1